000 00306nam a2200121Ia 4500
005 20251222141843.0
008 251222s9999||||xx |||||||||||||| ||spa||
082 _a332.31/A96
100 _aAznarán Castillo, Guillermo
245 0 _aCajas Rurales de Ahorro y Crédito
264 _bLibro Amigo
942 _cLIB
999 _c7476
_d7476